[Event "HUN-chT U18"]
[Site "Budapest"]
[Date "2022.11.02"]
[Round "4.6"]
[White "Nyuli, Leila"]
[Black "Szamko, Hanna"]
[Result "0-1"]
[WhiteElo "1347"]
[BlackElo "1524"]
[PlyCount "40"]
[EventDate "2022.10.31"]
[EventType "team-swiss"]
[EventRounds "7"]
[EventCountry "HUN"]
[SourceTitle "CBM 211 Extra"]
[Source "ChessBase"]
[SourceDate "2023.01.31"]
[SourceVersion "1"]
[SourceVersionDate "2023.01.31"]
[SourceQuality "1"]
[WhiteTeam "Haladas"]
[BlackTeam "Maroczy"]
[WhiteTeamCountry "HUN"]
[BlackTeamCountry "HUN"]

1. e4 e6 2. d4 d5 3. Nd2 c5 4. exd5 exd5 5. Ngf3 Bd6 6. c4 cxd4 7. Nxd4 Ne7 8. Qb3 0-0 9. N2f3 a6 10. cxd5 Nxd5 11. Be2 Bb4+ 12. Bd2 Bxd2+ 13. Kxd2 Nf4 14. g3 Nc6 15. Qc3 Ne6 16. Ke3 Nexd4 17. Nxd4 Re8+ 18. Kd3 Bf5+ 19. Kc4 b5+ 20. Kc5 Re5+ 0-1